000 00561nam a2200217Ia 4500
005 20241129120317.0
008 241129s9999||||xx |||||||||||||| ||und||
020 _a9789393768070
037 _aTB
040 _aSDCL
_beng
_cSDCL
041 _ahin
_2hin
084 _aO152,3N37x R2
_qSDCL
100 _aShukla Vinod Kumar
245 0 _aMahavidyalaya
260 _aDelhi
_bDelhi Rajkamal prakashan India
_c2022
300 _a111p
365 _aINR
_b395
650 _aHindi
942 _cTB
_hO152,3N37x R2
999 _c1234274
_d1234274